Диалектика, логика, наука (Запис № 308488)

МАРК-запис
000 -Лідер
fixed length control field 00624nam a22002537a 4500
001 - Контрольний номер
control field 22272
003 - Ідентифікатор контрольного номера
control field UA-OsUOA
005 - Дата та час останнього входження (трансакції)
control field 20191226094319.0
007 - Фіксоване поле фізичного опису
fixed length control field ta
008 - Елементи даних фіксованої довжини – загальна інформація
fixed length control field 20031218b un ||||| |||| 00| 0 ukr d
040 ## - Джерело каталогізації
Агенція оригінальної каталогізації UA-OsUOA
Мова каталогізації rus
Агенція, яка здійснювала перезапис UA-OsUOA
Агенція, яка здійснювала модифікацію UA-OsUOA
041 ## - Код мови
Код мови тексту/ звукової доріжки чи окремого заголовка (П) rus
044 ## - Код країни видавця/ виробника
Код країни видавця/ виробника (П) RU
080 ## - Індекс Універсальної десяткової класифікації
Індекс Універсальної десяткової класифікації (УДК) (НП) 101.3
090 ## - Локальний шифр розміщення
Класифікаційний індекс УДК 101.3
Авторський знак (НП) К55
100 ## - Основне введення – ім’я особи
Ім’я особи (НП) Копнин П. В.
245 ## - Відомості про назву
Назва (НП) Диалектика, логика, наука
260 ## - Публікація, розповсюдження і т.п. (Вихідні дані)
Місце публікації, розповсюдження і т.п. (П) М.
Ім’я/ наймення видавництва, розповсюджувача і т.п. (П) Наука
Дата публікації, розповсюдження і т.п. (П) 1973
300 ## - Фізичний опис
Обсяг 464 с.
650 #7 - Додаткове предметне введення – тематичний термін
Джерело заголовка чи терміна UDC
942 ## - Додаткові елементи входу (Коха)
Тип елемента Koha Книги
Source of classification or shelving scheme Universal Decimal Classification
955 ## - Код типу видання за змістом
Код типу видання за змістом (НП) інше
Фонди
Стан вилучень Стан втрат Джерело класифікації або схеми стелажів Стан уражень Не для кредиту Постійне місце розташування Поточне розміщення Дата придбання Інвентарний номер Усього замовленно Повний номер виклику Штрих-код Дата останнього перегляду Ціна ефективна від Тип елемента Koha Код колекції Джерело придбання Вартість, звичайна ціна покупки
Withdrawn   Universal Decimal Classification     АБ - Абонемент НБ АБ - Абонемент НБ 10/07/2006 51552   101.3 К55 51552 13/07/2019 18/12/2003 Книги      
    Universal Decimal Classification     АБ - Абонемент НБ АБ - Абонемент НБ 05/12/2013 144481   130.123.2 К65 144481 06/02/2022 05/12/2013 Книги Колекція Жулинського М.Г. 63/2013 20.00
    Universal Decimal Classification     ЧЗ - Читальна зала ЧЗ - Читальна зала 18/12/2003 62384   101.3 К55 62384 09/02/2022 18/12/2003 Книги